Estadísticas para Países Antiguos

Haz click aquí para intentar la prueba.

Estadísticas generales

  • Esta prueba ha sido intentada 4.241 veces
  • La puntuación promedio es 10 de 21

Estadísticas de respuestas

PistaTerminaciónPaís% Correcto
República Checa + Eslovaquia1992Checoslovaquia
93%
Se convirtió en 7 países diferentes1991Yugoslavia
85%
Berlin del Este era su capital1990Alemania del Este
84%
Superpotencia antigua1991Unión Soviética
74%
Conquistadores de el anterior1923Imperio Otomano
72%
En el 2014, votaron en contra la independencia1707Escocia
58%
Dirigido por Otto von Bismarck1871Prusia
58%
Gano independencia de México1845Texas
56%
Constantinopla era su capital1453Imperio Bizantino
55%
Dirigido por un Lama reencarnado1950Tíbet
49%
Ciudad griega que Alejandro nunca intento conquistar146 ACEsparta
42%
Derrotados en tres guerras púnicas146 ACCartago
38%
La república más serena en el norte del Adriático1797Venecia
37%
Su capital era Saigón, fue unido con el norte1975Vietnam del Sur
37%
Conquistado por Eduardo I de Inglaterra1282Gales
33%
Estado títere japonés al norte de China1945Manchukuo
30%
Se unió con Tanganica para formar Tanzania1964Zanzíbar
30%
Ciudad libre entre Polonia y Alemania1939Dánzig
25%
Nombre antiguo de Zimbabue, estado no reconozido
controlado por los colonos británicos
1979Rodesia
24%
País al sureste de Alemania1871Baviera
21%
Se convirtió en el primer estado en unirse a la unión luego
de las 13 colonias
1791Vermont
13%

Distribución de puntuación

Porcentaje por número respondido

Porcentaje de gente con cada puntuación

Historial de tus puntuaciones

No has intentado esta prueba.